00408nam a2200133Ia 4500008004100000020001800041082001500059100001600074245008100090260002300171300001500194650002900209700003600238120622s9999 xx 000 0 und d a140-05-002581 a428 A512wa aJones, Ceri aAmerican inside out : workbook : advanced / Ceri Jones with Russell Stannard aOxford : Macmillan a96 p. + CD a1.INGLÉS - ENSEÑANZA aI. Stannard, Russell, coaut.Ì